Visualizzazione normale
Vista MARC
- Elowsky, Joel C.
di Personal Name
Records bibliografici associati: 1
001 - CONTROL NUMBER
- control field: 58378
003 - CONTROL NUMBER IDENTIFIER
- control field:
005 - DATE AND TIME OF LATEST TRANSACTION
- control field: 20200829191551.0
008 - FIXED-LENGTH DATA ELEMENTS
- fixed length control field: 200829|| aca||aabn | a|a d
040 ## - CATALOGING SOURCE
- Original cataloging agency:
- Transcribing agency:
100 ## - HEADING--PERSONAL NAME
- Personal name: Elowsky, Joel C.
670 ## - SOURCE DATA FOUND
- Source citation: Work cat.: ()0: Giovanni 11-21 /